L’État de nécessité en matière criminelle. (Registro nro. 296715)
[ vista simple ]
| 000 -ENCABEZADO | |
|---|---|
| Número de control [NR] | 02271nam a22002657a 4500 |
| 005 - FECHA Y HORA DE LA ÚLTIMA TRANSACCIÓN | |
| control field | 20140926090217.0 |
| 008 - DE LONGITUD FIJA DE DATOS DE ELEMENTOS - INFORMACIÓN GENERAL | |
| Elementos de longitud fija [NR] | 140828s1903 fr ||||fr|||| 001 0 fre d |
| 040 ## - FUENTE DE CATALOGACION [NR] | |
| Quien Cataloga | Sandra Yazo |
| Quien Clasifica | Sandra Yazo |
| 041 0# - CODIGO DE IDIOMA [R] | |
| Código de idioma para texto/pista de sonido o título separado [R] | Francés |
| 082 04 - NUMERO DE CLASIFICACION DECIMAL DEWEY [R] | |
| Número de la edición [NR] | 20 |
| Número de clasificación [R] | 345 |
| 092 ## - SIGNATURA TOPOGRAFICA LOCAL | |
| Número de clasificación local | E32N032 |
| 100 1# - ASIENTO PRINCIPAL--NOMBRE PERSONAL [NR] | |
| Nombre personal [NR] | Sermet, Ernest |
| ID Autoridad | 64049 |
| 242 03 - TRADUCCION DEL TITULO POR LA AGENCIA CATALOGADORA [R] | |
| Título [NR] | La situación de necesidad en materia penal. |
| Parte restante del título [NR] | Memoria presentada en 1901 para optar al doctorado en la facultad de derech de Toulouse, premiada con medala de oro. |
| Código de idioma del título traducido [NR] | spa |
| 245 10 - MENCION DE TITULO [NR] | |
| Título [NR] | L’État de nécessité en matière criminelle. |
| Parte restante del título [NR] | Mémoire présenté au concours de Doctorat de la Faculté de Droit de Toulouse, en 1901, et honoré d’un medaille d’or. |
| Mención de responsabilidad, etc. [NR] | Par Ernest Sermet |
| 260 ## - PUBLICACION, DISTRIBUCION, ETC. (PIE DE IMPRENTA) [R] | |
| Lugar de publicación, distribución, etc. [R] | París (Francia) |
| Nombre del editor, distribuidor, etc. [R] | Arthur Rousseau, Éditeur [Arturo Rousseau, Editor] |
| Fecha de publicación, distribución, etc. [R] | 1903 |
| 300 ## - DESCRIPCION FISICA [R] | |
| Extensión [R] | xix, 363 páginas |
| Dimensiones [R] | 22 x 13 cm. |
| 500 ## - NOTA GENERAL [R] | |
| Nota general [NR] | Detalles físicos: Encuadernación rígida (holandesa) en cartón forrado en papel. Lomo en cuero, con nervaduras sobre costuras y adornos en dorado. Guardas en papel impreso, imitando papel de agua. Hoja de cortesía. Anteportada. Portada impresa en una sola tinta. Texto impreso en una sola columna. Notas de pie de página. Ejemplar en buen estado de conservación y residuos de cinta pegante en las tapas |
| 505 1# - NOTA DE CONTENIDO CON FORMATO PREESTABLECIDO [R] | |
| Nota de contenido con formato preestablecido [NR] | Índice Bibliográfico ; Introducción ; Casos de necesidad reconocidos por la ley positiva ; Casos admitidos por las leyes antiguas, especialmente por el derecho romano ; Casos admitidos por el antiguo derecho germánico y por las legislaciones bárbaras ; Casos de necesidad reconocidos y admitidos por el derecho canónico ; Casos de necesidad admitidos por las leyes anteriores a 1810 ; Casos de necesidad admitidos por Código de 1810 y por las leyes que lo complementaron ; Teoría general acerca de la situación de necesidad ; Impunidad de los delitos cometidos en estado de necesidad ; Fundamento en el que se sustenta esta inmunidad ; Alcance preciso de este principio; consecuencias del mismo ; Condiciones que debe tener este tipo de impunidad. |
| 506 ## - NOTA DE RESTRICCIONES DE ACCESO [R] | |
| Condiciones de acceso [NR] | Consulta en sala |
| 546 ## - NOTA DE IDIOMA [R] | |
| Nota de idioma [NR] | Texto en francés |
| 650 #7 - ASIENTO SECUNDARIO DE MATERIA - TERMINO TEMATICO [R] | |
| 9 (RLIN) | 12805 |
| Término temático o nombre geográfico como elemento de entrada [NR] | Derecho penal |
| 650 #7 - ASIENTO SECUNDARIO DE MATERIA - TERMINO TEMATICO [R] | |
| 9 (RLIN) | 15017 |
| Término temático o nombre geográfico como elemento de entrada [NR] | Estado de necesidad |
| Subdivisión general [R] | Derecho penal |
| 690 ## - ASUNTO AGREGADO LOCAL DE ENTRADA - TÉRMINO TEMÁTICO (OCLC, RLIN) | |
| 9 (RLIN) | 42778 |
| Acceso temático local | Derecho penal |
| 942 ## - ELEMENTOS DE ENTRADA AGREGADOS (KOHA) | |
| Tipo de ítem principal el descrito en 300a | Libro |
| Edición | 1 |
| Sistema de clasificación | LOCAL |
| Clasificación | E32N032 |
| Suprimido | Perdido | Sistema de clasificación | Dañado | No prestable | Tipo de ítem específico | Ubicación habitual | Ubicación actual | Localización | Fecha de creación | Forma de adquisición | Costo | Total préstamos | Signatura topográfica | Código de barras | Última vez visto | Ejemplar | Price effective from | Tipo de ítem |
|---|---|---|---|---|---|---|---|---|---|---|---|---|---|---|---|---|---|---|
| LOCAL | Libro archivo | Archivo Histórico | Archivo Histórico | Archivo histórico | 28/08/2014 | Donación | 0.00 | E32N032 | L004468 | 28/08/2014 | Ej.1 | 28/08/2014 | Libro |